Horatio Hornblower : an omnibus volume comprising The commodore & Lord Hornblower /

Bibliographic Details
Main Author: Forester, C. S. (Cecil Scott), 1899-1966
Format: Book
Language:English
Published: London : Michael Joseph, 1952.

MARC

Tag First Indicator Second Indicator Subfields
LEADER 00000cam a2200000 a 4500
001 in00000782888
005 20151017063212.0
008 860415s1952 enk 00011 eng d
035 |a (OCoLC)13434360 
035 |9 ADN1229AM 
040 |a ITS  |c ITS  |d TXA  |d UtOrBLW 
049 1 |a TXA1 [SEA] 
090 |a PR6011.O56  |b H81 1952 
100 1 |a Forester, C. S.  |q (Cecil Scott),  |d 1899-1966. 
245 1 0 |a Horatio Hornblower :  |b an omnibus volume comprising The commodore & Lord Hornblower /  |c C.S. Forester. 
264 1 |a London :  |b Michael Joseph,  |c 1952. 
300 |a 431 pages ;  |c 19 cm. 
336 |a text  |b txt  |2 rdacontent 
337 |a unmediated  |b n  |2 rdamedia 
338 |a volume  |b nc  |2 rdacarrier 
740 4 |a The commodore. 
740 0 |a Lord Hornblower. 
999 |a MARS 
999 f f |s ae6f012b-e1ed-3d73-ab6f-e11c3d458f3b  |i a4bc442e-9ed2-3e0a-b42a-b1bf3568076e  |t 0 
952 f f |p noncirc  |a Texas A&M University  |b College Station  |c Cushing Memorial Library & Archives  |d Cushing: Literature/Sea (Does not check out)  |t 0  |e PR6011.O56 H81 1952  |h Library of Congress classification  |i unmediated -- volume 
952 f f |p normal  |a Texas A&M University  |b College Station  |c Sterling C. Evans Library  |d Evans: Library Stacks  |t 0  |e PR6011.O56 H81 1952  |h Library of Congress classification  |i unmediated -- volume  |m A14821553861 
998 f f |a PR6011.O56 H81 1952  |t 0  |l Cushing: Literature/Sea (Does not check out) 
998 f f |a PR6011.O56 H81 1952  |t 0  |l Evans: Library Stacks